000 00285nam a2200121Ia 4500
008 191201s2013 xx 000 0 und d
100 _aOBRIEN,James A
245 0 _aManagement Information System
250 _a10th
260 _c2013
_bTMH
_aNEW DELHI
300 _a954
942 _2ddc
_cBK
999 _c7852
_d7852